Uncertainty in artificial intelligence 5 /
Enregistré dans:
| Autres auteurs: | |
|---|---|
| Format: | Livre |
| Langue: | anglais |
| Publié: |
Amsterdam :
North-Holland,
1990
|
| Collection: | Machine Intelligence and Pattern Recognition
Vol.10 |
| Tags: |
Pas de tags, Soyez le premier à ajouter un tag!
|
MARC
| LEADER | 00000nam a22000003a 4500 | ||
|---|---|---|---|
| 001 | stu160 | ||
| 005 | 20150617225621.4 | ||
| 008 | 910402s1990----ne------------------eng-d | ||
| 020 | |a 0-444-88738-5 | ||
| 040 | |a STU |b slo | ||
| 041 | 0 | |a eng | |
| 044 | |a ne | ||
| 080 | |a 681.322.06 | ||
| 080 | |a 519.7/.8 | ||
| 100 | 1 | |a Henrion, M. and o |4 com | |
| 245 | 1 | |a Uncertainty in artificial intelligence 5 / |c Edit.: Henrion,M. and o | |
| 260 | |a Amsterdam : |b North-Holland, |c 1990 | ||
| 300 | |a 459 s | ||
| 830 | 0 | |a Machine Intelligence and Pattern Recognition |v Vol.10 | |
| 996 | |c I*13UI4502 |l II680 |s A |a 24 |w stu160_0001 | ||